00746nam a22002057a 4500003000400000005001700004008004100021020001500062040002900077050002500106100002500131245009800156260005200254300003200306650002700338650005400365650004200419650003800461650004100499OSt20230804095113.0230804b |||||||| |||| 00| 0 eng d a0872075931 cChuka University Library aLB 1050.2 bV53 2006 aCarrice Cummins (ed) aUnderstanding and implementing reading first initiatives: The changing role of administrators aNewarkbInternational reading associationc2006 a171pbColored illustrations aReadingxUnited States aSchool management and organizationxUnited States aEducational leadership xUnitedStates aLiteracy programs xUnited States aEducational planning xUnited states